| 000 | 01093nab a22002177a 4500 | ||
|---|---|---|---|
| 999 |
_c5904 _d5904 |
||
| 003 | OSt | ||
| 005 | 20260110005619.0 | ||
| 008 | 190605e xxu||||| |||| 00| 0 spa d | ||
| 040 | _cPJ | ||
| 100 |
_96168 _aSalgado, José Manuel |
||
| 245 | 1 | 3 |
_aEl art. 30 de la LCT en el régimen de la industria de la construcción / _cJosé Manuel Salgado. |
| 260 |
_aCiudad Autónoma de Buenos Aires : _bThomson Reuters La Ley, _c2023. |
||
| 300 | _ap. 97-104 | ||
| 500 | _aCita: TR LALEY AR/DOC/1874/2023. | ||
| 505 | _aSumario: I. Introducción.— II. La cuestión antes de la reforma introducida por la ley 25.013.— III. La reforma introducida por la ley 25.013.— IV. La situación del comitente no constructor.— V. Conclusión. | ||
| 505 | _t¿Te interesa el texto completo? Solicitalo al correo: koha@justierradelfuego.gov.ar | ||
| 650 | 0 |
_91316 _aDERECHO LABORAL |
|
| 650 | 0 |
_91383 _aLEY DE CONTRATO DE TRABAJO |
|
| 773 | 0 |
_02711 _93168 _dCiudad Autónoma de Buenos Aires : Thomson Reuters La Ley, 1999-2002. _tRevista de derecho del trabajo. Nº 5 - Septiembre 2023 |
|
| 942 |
_2udc _cANA |
||